Шакирджан Тагиров - педагог, просветитель, художник (Запись № 305271)

Подробности
000 -МАРКЕР
контрольное поле 02921nam0a2200505 4500
001 - ИДЕНТИФИКАТОР ЗАПИСИ
контрольное поле RU\NLR\bibl\1262746
005 - ИДЕНТИФИКАТОР ВЕРСИИ
контрольное поле 20260407151327.0
010 ## - МЕЖДУНАРОДНЫЙ СТАНДАРТНЫЙ НОМЕР КНИГИ (ISBN)
Номер (ISBN) 978-5-93091-109-1
021 ## - НОМЕР ГОСУДАРСТВЕННОЙ РЕГИСТРАЦИИ
Код страны Российская Федерация
Номер 2008-46764
Номер Листа государственной регистраци 2584
035 ## - ДРУГИЕ СИСТЕМНЫЕ НОМЕРА
Идентификатор записи (nilc)EL/0000197270
035 ## - ДРУГИЕ СИСТЕМНЫЕ НОМЕРА
Идентификатор записи RU\LSL\TAT_B\2216
035 ## - ДРУГИЕ СИСТЕМНЫЕ НОМЕРА
Идентификатор записи RU\LSL\Books\2526100
035 ## - ДРУГИЕ СИСТЕМНЫЕ НОМЕРА
Идентификатор записи (NLR Aleph) 001248728
100 ## - ДАННЫЕ ОБЩЕЙ ОБРАБОТКИ
Данные общей обработки 20080513d2008 |||y0rusy50 ca
101 1# - ЯЗЫК РЕСУРСА
Язык текста, звукозаписи и т.д. русский
-- татарский
-- английский
Язык оригинала арабский
Язык резюме английский
102 ## - СТРАНА ПУБЛИКАЦИИ ИЛИ ПРОИЗВОДСТВА
Страна публикации Российская Федерация
105 ## - ПОЛЕ КОДИРОВАННЫХ ДАННЫХ: ТЕКСТОВЫЕ МАТЕРИАЛЫ, МОНОГРАФИЧЕСКИЕ
Кодированные данные о монографическом текстовом документе a |||||||||
200 1# - ЗАГЛАВИЕ И СВЕДЕНИЯ ОБ ОТВЕТСТВЕННОСТИ
Основное заглавие Шакирджан Тагиров - педагог, просветитель, художник
Сведения, относящиеся к заглавию [к 150-летию со дня рождения
Первые сведения об ответственности Ин-т яз., лит. и искусства им. Г. Ибрагимова
Последующие сведения об ответственности сост.: Тагиров В. Р., Султанова Р. Р.
-- пер.: С. М. Гилязутдинов и др.
-- редкол.: Миннуллин К. М., д.филол.н. и др.]
210 ## - ПУБЛИКАЦИЯ, РАСПРОСТРАНЕНИЕ И ДР.
Место издания, распространения и т.д. Казань
Имя издателя, распространителя и т. д. ИЯЛИ
Дата издания, распространения и т.д. 2008
215 ## - ФИЗИЧЕСКАЯ ХАРАКТЕРИСТИКА
Специфическое обозначение материала и объем 67, [1] с.
Другие сведения о физической характеристике ил., цв. ил.
Размеры 30
300 ## - ОБЩИЕ ПРИМЕЧАНИЯ
Текст примечания На 4-й с. обл.: Шакирджан Ахмеджанович Тагиров (Тагири)
300 ## - ОБЩИЕ ПРИМЕЧАНИЯ
Текст примечания Текст на рус., тат., англ. яз.
300 ## - ОБЩИЕ ПРИМЕЧАНИЯ
Текст примечания Изд. на средства, выделен. на реализацию Закона Респ. Татарстан "О гос. яз. РТ и др. яз. в РТ"
320 ## - ПРИМЕЧАНИЯ О НАЛИЧИИ В ДОКУМЕНТЕ БИБЛИОГРАФИИ / УКАЗАТЕЛЯ
Текст примечания Библиогр.: с. 64-65 (40 назв.) и в примеч.: с. 58-62
320 ## - ПРИМЕЧАНИЯ О НАЛИЧИИ В ДОКУМЕНТЕ БИБЛИОГРАФИИ / УКАЗАТЕЛЯ
Текст примечания Сочинения Ш. А. Тагирова: с. 63
327 0# - ПРИМЕЧАНИЯ О СОДЕРЖАНИИ
Текст примечания В кн. также: Касида'и бурда (Ода о плаще Мухаммеда) / Мухаммед аль-Бусири
600 #1 - ИМЯ ЛИЦА КАК ПРЕДМЕТ
Начальный элемент ввода Тагиров
Часть имени, кроме начального элемента ввода Ш.А.
Даты 1958 - 1918
Расширение инициалов личного имени Шакирджан Ахмеджанович
Системный номер авторитетной/нормативной записи 2557882
Идентификатор авторитетной/нормативной записи RU\NLR\auth\661513238
686 ## - ИНДЕКСЫ ДРУГИХ КЛАССИФИКАЦИЙ
Индекс Ч33(2Рос=Тата){5},2Тагиров Ш.
Издание LBC/SL
Код системы
686 ## - ИНДЕКСЫ ДРУГИХ КЛАССИФИКАЦИЙ
Индекс 14.09
Код системы
686 ## - ИНДЕКСЫ ДРУГИХ КЛАССИФИКАЦИЙ
Индекс Ч33(2Р-6Т)5-8Тагиров
686 ## - ИНДЕКСЫ ДРУГИХ КЛАССИФИКАЦИЙ
Индекс Щ153(2Р=Тат)53-8Тагиров
702 #1 - ИМЯ ЛИЦА - ВТОРИЧНАЯ ОТВЕТСТВЕННОСТЬ
Код отношения Прочие
Материалы, к которым относится поле rus
Графика поля Кириллица
Начальный элемент ввода Тагиров
Часть имени, кроме начального элемента ввода Ш. А.
Даты 1858-1918
Расширение инициалов личного имени Шакирджан Ахмеджанович
Идентификатор авторитетной/нормативной записи RU\NLR\auth\7777975
Системный номер авторитетной/нормативной записи 60903
702 #1 - ИМЯ ЛИЦА - ВТОРИЧНАЯ ОТВЕТСТВЕННОСТЬ
Код отношения Составитель
Материалы, к которым относится поле rus
Графика поля Кириллица
Начальный элемент ввода Тагиров
Часть имени, кроме начального элемента ввода В. Р.
Даты 1952-
Расширение инициалов личного имени Вартан Ривгатович
Идентификатор авторитетной/нормативной записи RU\NLR\auth\7777980
Системный номер авторитетной/нормативной записи 60908
702 #1 - ИМЯ ЛИЦА - ВТОРИЧНАЯ ОТВЕТСТВЕННОСТЬ
Код отношения Редактор
Графика поля Кириллица
Материалы, к которым относится поле rus
Начальный элемент ввода Миннуллин
Часть имени, кроме начального элемента ввода К. М.
Дополнения к именам, кроме дат д-р филол. наук
Даты 1959-
Расширение инициалов личного имени Ким Мугаллимович
Системный номер авторитетной/нормативной записи 244254
Идентификатор авторитетной/нормативной записи RU\NLR\AUTH\770244310
712 02 - НАИМЕНОВАНИЕ ОРГАНИЗАЦИИ - ВТОРИЧНАЯ ОТВЕТСТВЕННОСТЬ
Код отношения Прочие
Начальный элемент ввода Институт языка, литературы и искусства им. Г. Ибрагимова
Идентифицирующий признак Казань
Идентификатор авторитетной/нормативной записи RU\NLR\AUTH\8810026808
Системный номер авторитетной/нормативной записи 551786
801 #0 - ИСТОЧНИК ЗАПИСИ
Страна Российская Федерация
Организация НБ Казанского ГУ
Дата составления 20080513
Правила каталогизации RCR
801 #1 - ИСТОЧНИК ЗАПИСИ
Страна Российская Федерация
Организация НБ Казанского ГУ
Дата составления 20080604
Правила каталогизации RCR
801 #2 - ИСТОЧНИК ЗАПИСИ
Страна Российская Федерация
Организация NLR
Дата составления 20080818
Правила каталогизации rcr
852 ## - МЕСТОНАХОЖДЕНИЕ И ШИФР ХРАНЕНИЯ
Идентификатор организации NLR
Наименование фонда или коллекции (Sub-Location Identifier) ОНЛ
Шифр хранения (Call Number) Татар./5-489
942 ## - ДОПОЛНИТЕЛЬНЫЕ ЭЛЕМЕНТЫ ЗАПИСИ (АБИС)
Тип экземпляра АБИС Книга
980 ## - КОЛЛЕКЦИЯ
Название коллекции Национальная библиография
980 ## - КОЛЛЕКЦИЯ
Название коллекции НБР
Экземпляры
Тип экземпляра Дата поступления Источник поступления Библиотека постоянного хранения Библиотека текущего хранения Место хранения Шифр хранения Штрих-код Статус экземпляра Стоимость
Книга 18.08.2008 Обязательный экземпляр РНБ (Московский) РНБ (Московский) Фонд национальных литератур ОНЛ Татар./5-489 2735134    
Книга 18.08.2008 Обязательный экземпляр РНБ (Московский) РНБ (Московский) Обменный фонд   1-2783679   300.00